مكتبة جامعة عجلون الوطنية

فهرس بحث المكتبة

Normal view MARC view
  • تأليف الخوارزمي، أبي القاسم جار الله محمود بن عمر الزمخشري ؛ يوسف الحمادى، شرح وضبط ومراجعة

Entry Personal Name

Number of records used in: 1

001 - CONTROL NUMBER

  • control field: 11582

003 - CONTROL NUMBER IDENTIFIER

  • control field: JO-AjAnu

005 - DATE AND TIME OF LATEST TRANSACTION

  • control field: 20230606072146.0

008 - FIXED-LENGTH DATA ELEMENTS

  • fixed length control field: 230606|| aca||aabn | a|a d

040 ## - CATALOGING SOURCE

  • Original cataloging agency: JO-AjAnu
  • Transcribing agency: JO-AjAnu

100 ## - HEADING--PERSONAL NAME

  • Personal name: تأليف الخوارزمي، أبي القاسم جار الله محمود بن عمر الزمخشري ؛ يوسف الحمادى، شرح وضبط ومراجعة

670 ## - SOURCE DATA FOUND

  • Source citation: Work cat.: (JO-AjAnu)5967: تأليف الخوارزمي، أبي القاسم جار الله محمود بن عمر الزمخشري ؛ يوسف الحمادى، شرح وضبط ومراجعة, author, الكشاف عن حقائق التنزيل وعيون الأقاويل في وجوه التأويل